00336nam a2200133Ia 45000030006000000080041000060400015000471000018000622450031000802600054001113000008001655460012001730050017001850STCL150530s9999 xx 000 0 und d aSTCLcSTCL aKelly Michael aEncyclopedia of Aesthetics bOxford University press; New Yorkc1998aNew York a525 aEnglish20220125170646.0